[Event "Tradewise Gibraltar Masters 16th"]
[Site "Gibraltar"]
[Date "2018.02.01"]
[Round "10.99"]
[White "Garcia Martin, Marta"]
[Black "Verneuil, Pascal"]
[Result "1-0"]
[WhiteElo "2323"]
[BlackElo "2159"]
[PlyCount "111"]
[EventDate "2018.01.23"]
[EventType "swiss"]
[EventRounds "10"]
[EventCountry "GGB"]
[SourceTitle "BritBase"]
[Source "www.saund.co.uk"]
[SourceDate "2018.02.10"]
[SourceVersion "1"]
[SourceVersionDate "2018.02.10"]
[SourceQuality "1"]

1. e4 c5 2. c3 d5 3. exd5 Qxd5 4. d4 Nc6 5. Nf3 Bf5 6. Be3 Nf6 7. Na3 cxd4 8.
Bc4 Qd7 9. Nxd4 Be4 10. Nxc6 Bxc6 11. Qxd7+ Nxd7 12. Nb5 Bxb5 13. Bxb5 a6 14.
Be2 O-O-O 15. O-O-O e6 16. Kc2 Be7 17. h4 Nf6 18. Bd4 Rhg8 19. h5 h6 20. Bf3
Nd7 21. Rhe1 Nf6 22. a4 Rd7 23. b4 Nd5 24. Be5 Nb6 25. Kb3 Bf6 26. Rxd7 Nxd7
27. Bg3 Rd8 28. Re4 b5 29. axb5 axb5 30. Be2 Nb6 31. Bxb5 Rd2 32. Re2 Rd5 33.
Ba6+ Kd7 34. Re3 Rxh5 35. c4 Ke7 36. Rd3 Be5 37. f4 Bc7 38. Bf2 Nd7 39. g4 Rh2
40. Bb5 Nb8 41. Bc5+ Kf6 42. Bd6 Bxd6 43. Rxd6 Ke7 44. c5 h5 45. gxh5 Rxh5 46.
Rb6 Rh8 47. Rb7+ Kf6 48. c6 Rh3+ 49. Kc2 Nxc6 50. Bxc6 Rh4 51. Be8 Kf5 52.
Rxf7+ Ke4 53. b5 Rh2+ 54. Kc3 Rh8 55. Bc6+ Ke3 56. b6 1-0

[Event "Tradewise Gibraltar Masters 16th"]
[Site "Gibraltar"]
[Date "2018.02.01"]
[Round "10.100"]
[White "Smith, Andrew Philip"]
[Black "Bergstrom, Rolf"]
[Result "1/2-1/2"]
[WhiteElo "2111"]
[BlackElo "2276"]
[PlyCount "60"]
[EventDate "2018.01.23"]
[EventType "swiss"]
[EventRounds "10"]
[EventCountry "GGB"]
[SourceTitle "BritBase"]
[Source "www.saund.co.uk"]
[SourceDate "2018.02.10"]
[SourceVersion "1"]
[SourceVersionDate "2018.02.10"]
[SourceQuality "1"]

1. c4 b6 2. h4 Bb7 3. h5 h6 4. b3 e5 5. Bb2 d6 6. d4 exd4 7. Qxd4 Nc6 8. Qd2
Nf6 9. Nc3 Qd7 10. O-O-O O-O-O 11. g3 Kb8 12. Bg2 a5 13. Nd5 Nxd5 14. Bxd5 Nb4
15. Bxb7 Kxb7 16. a3 Na6 17. Qd5+ c6 18. Qf3 Rg8 19. Kb1 Nc5 20. Ka2 Qe6 21.
Rh4 Be7 22. Rf4 f6 23. e3 d5 24. cxd5 Rxd5 25. Rxd5 Qxd5 26. Qxd5 cxd5 27. Rd4
Rd8 28. Rg4 Bf8 29. Ne2 Ne6 30. Nd4 Nxd4 1/2-1/2

[Event "Tradewise Gibraltar Masters 16th"]
[Site "Gibraltar"]
[Date "2018.02.01"]
[Round "10.101"]
[White "Berrocal Ruiz, Valentin"]
[Black "Bliumberg, Vladislav"]
[Result "1/2-1/2"]
[WhiteElo "2068"]
[BlackElo "2276"]
[PlyCount "104"]
[EventDate "2018.01.23"]
[EventType "swiss"]
[EventRounds "10"]
[EventCountry "GGB"]
[SourceTitle "BritBase"]
[Source "www.saund.co.uk"]
[SourceDate "2018.02.10"]
[SourceVersion "1"]
[SourceVersionDate "2018.02.10"]
[SourceQuality "1"]

1. Nf3 Nf6 2. c4 g6 3. Nc3 Bg7 4. e4 O-O 5. d4 d6 6. Be2 e5 7. d5 a5 8. Bg5 h6
9. Bh4 Na6 10. Nd2 Qe8 11. O-O Nc5 12. Rb1 Bd7 13. b3 Nh7 14. f3 h5 15. Bf2 Bh6
16. a3 Qe7 17. Re1 h4 18. Nf1 b6 19. b4 axb4 20. axb4 Na4 21. Qd3 f5 22. Ra1
Nxc3 23. Qxc3 Rxa1 24. Rxa1 h3 25. g3 Nf6 26. Be3 Bxe3+ 27. Qxe3 f4 28. Qc3
fxg3 29. hxg3 Rb8 30. Ra7 Qd8 31. Kh2 Ra8 32. Qa1 Rxa7 33. Qxa7 Ne8 34. Qa3 Kg7
35. Qb2 g5 36. g4 Nf6 37. Ng3 Kh6 38. Kxh3 Nh7 39. c5 Nf8 40. cxd6 cxd6 41. Nf1
Ng6 42. Kg3 Kg7 43. Kf2 Qh8 44. Qc1 Qd8 45. Ne3 Nf4 46. Bf1 Kf6 47. Qa3 Qh8 48.
Ng2 Qh2 49. Qe3 Bb5 50. Bxb5 Qxg2+ 51. Ke1 Qb2 52. Qd2 Qxd2+ 1/2-1/2

[Event "Tradewise Gibraltar Masters 16th"]
[Site "Gibraltar"]
[Date "2018.02.01"]
[Round "10.102"]
[White "Midonet, Matthieu"]
[Black "Barrenechea Bahamonde, Gustavo"]
[Result "0-1"]
[WhiteElo "2213"]
[BlackElo "2127"]
[PlyCount "54"]
[EventDate "2018.01.23"]
[EventType "swiss"]
[EventRounds "10"]
[EventCountry "GGB"]
[SourceTitle "BritBase"]
[Source "www.saund.co.uk"]
[SourceDate "2018.02.10"]
[SourceVersion "1"]
[SourceVersionDate "2018.02.10"]
[SourceQuality "1"]

1. e4 g6 2. d4 Bg7 3. Nf3 d5 4. e5 f6 5. Nc3 Nh6 6. Bf4 O-O 7. exf6 exf6 8. Qd2
Nf7 9. O-O-O c6 10. h4 b5 11. Kb1 a5 12. Bd3 Na6 13. Rdg1 Nb4 14. g4 Nxd3 15.
cxd3 a4 16. Ne2 Re8 17. g5 a3 18. h5 axb2 19. hxg6 hxg6 20. gxf6 Qxf6 21. Ne5
Bf5 22. Ng3 Nxe5 23. Bxe5 Rxe5 24. dxe5 Qxe5 25. Nxf5 Qxf5 26. Rg5 Qf7 27. Rhg1
Qa7 0-1

[Event "Tradewise Gibraltar Masters 16th"]
[Site "Gibraltar"]
[Date "2018.02.01"]
[Round "10.103"]
[White "Coleman, David J"]
[Black "Semprun Martinez, Fernando"]
[Result "1-0"]
[WhiteElo "2055"]
[BlackElo "2209"]
[PlyCount "143"]
[EventDate "2018.01.23"]
[EventType "swiss"]
[EventRounds "10"]
[EventCountry "GGB"]
[SourceTitle "BritBase"]
[Source "www.saund.co.uk"]
[SourceDate "2018.02.10"]
[SourceVersion "1"]
[SourceVersionDate "2018.02.10"]
[SourceQuality "1"]

1. e4 c5 2. Nf3 Nc6 3. d4 cxd4 4. Nxd4 Nf6 5. Nc3 e5 6. Ndb5 d6 7. Bg5 a6 8.
Na3 b5 9. Bxf6 gxf6 10. Nd5 Bg7 11. c3 f5 12. exf5 Bxf5 13. Nc2 O-O 14. Nce3
Be6 15. g4 b4 16. Bg2 bxc3 17. bxc3 Rc8 18. Be4 Ne7 19. Nxe7+ Qxe7 20. Qd3 Qh4
21. c4 h5 22. h3 Bh6 23. Rg1 Kh8 24. Nf5 Bxf5 25. Bxf5 Rcd8 26. Be4 Rg8 27. Qf3
Rg7 28. Rb1 Rdg8 29. Qf5 Qg5 30. Qxg5 Rxg5 31. f3 hxg4 32. hxg4 Rh5 33. Rb2 Be3
34. Rgg2 Rh1+ 35. Ke2 Bg5 36. Rb7 f6 37. Kd3 Rc8 38. Rc2 Rc5 39. Rb8+ Kg7 40.
Rb7+ Kf8 41. Rcb2 f5 42. gxf5 Rc8 43. Bd5 e4+ 44. fxe4 Rh3+ 45. Kc2 Rh2+ 46.
Kb3 Rxb2+ 47. Kxb2 Bf6+ 48. Kc2 Be5 49. Rb6 a5 50. Rb5 a4 51. Rb7 Rc5 52. a3
Ke8 53. Ra7 Rc8 54. Rxa4 Ke7 55. Ra8 Rc7 56. a4 Kf6 57. Rg8 Rh7 58. Rg6+ Ke7
59. Re6+ Kd7 60. Rxe5 dxe5 61. f6 Rh3 62. Kb2 Rf3 63. f7 Kd6 64. a5 Kc5 65. Ka2
Rf1 66. Ka3 Ra1+ 67. Kb2 Rf1 68. Be6 Rf6 69. Kb3 Rf1 70. a6 Rb1+ 71. Kc2 Rb8
72. a7 1-0

[Event "Tradewise Gibraltar Masters 16th"]
[Site "Gibraltar"]
[Date "2018.02.01"]
[Round "10.104"]
[White "Van Zyl-Rudd, Jack"]
[Black "Marder, Simon"]
[Result "1-0"]
[WhiteElo "2197"]
[BlackElo "2054"]
[PlyCount "57"]
[EventDate "2018.01.23"]
[EventType "swiss"]
[EventRounds "10"]
[EventCountry "GGB"]
[SourceTitle "BritBase"]
[Source "www.saund.co.uk"]
[SourceDate "2018.02.10"]
[SourceVersion "1"]
[SourceVersionDate "2018.02.10"]
[SourceQuality "1"]

1. d4 Nf6 2. c4 e5 3. dxe5 Ng4 4. Bf4 Nc6 5. Nf3 Bb4+ 6. Nbd2 Qe7 7. e3 Ngxe5
8. Nxe5 Nxe5 9. Be2 O-O 10. O-O Bxd2 11. Qxd2 d6 12. Qc3 Re8 13. Rfc1 b6 14. b4
c5 15. Rd1 Bb7 16. Bg3 d5 17. Qxe5 Qxe5 18. Bxe5 Rxe5 19. bxc5 d4 20. cxb6 dxe3
21. Rd7 exf2+ 22. Kxf2 Bxg2 23. b7 Rae8 24. Kxg2 Rxe2+ 25. Kg1 Rb2 26. c5 g5
27. c6 Ree2 28. Rd8+ Kg7 29. b8=Q 1-0

[Event "Tradewise Gibraltar Masters 16th"]
[Site "Gibraltar"]
[Date "2018.02.01"]
[Round "10.105"]
[White "Hamer, Martyn"]
[Black "Barraza Caracuel, Ignacio"]
[Result "1/2-1/2"]
[WhiteElo "2020"]
[BlackElo "2185"]
[PlyCount "159"]
[EventDate "2018.01.23"]
[EventType "swiss"]
[EventRounds "10"]
[EventCountry "GGB"]
[SourceTitle "BritBase"]
[Source "www.saund.co.uk"]
[SourceDate "2018.02.10"]
[SourceVersion "1"]
[SourceVersionDate "2018.02.10"]
[SourceQuality "1"]

1. d4 Nf6 2. c4 c5 3. d5 b5 4. cxb5 a6 5. bxa6 Bxa6 6. Nc3 g6 7. f4 Bg7 8. Nf3
O-O 9. e4 Bxf1 10. Rxf1 d6 11. Kf2 Qb6 12. Kg1 Nfd7 13. Qe2 Na6 14. Nd2 Nc7 15.
Nc4 Qa6 16. Re1 Rfb8 17. e5 Rb4 18. b3 Nb6 19. Nxb6 Qxb6 20. Bd2 c4+ 21. Kh1
cxb3 22. axb3 Rxa1 23. Rxa1 Rxb3 24. Qe4 Qc5 25. Rc1 Rb4 26. Qe2 Rc4 27. Be3
Qb4 28. Bd2 Qc5 29. Be3 Qb4 30. Bd2 Rc5 31. h3 h6 32. Kh2 Qc4 33. Qf3 Qb3 34.
exd6 exd6 35. Ne4 Qxf3 36. gxf3 Rxc1 37. Bxc1 Nb5 38. Be3 f5 39. Nd2 Nc3 40.
Nc4 Nxd5 41. Bc1 Bf8 42. Ba3 Nxf4 43. Bxd6 Bxd6 44. Nxd6 Kg7 45. h4 Kf6 46. Kg3
Nh5+ 47. Kh3 Ke6 48. Nc8 Nf4+ 49. Kg3 Nd5 50. Na7 h5 51. f4 Kd6 52. Nb5+ Kc5
53. Na3 Kd4 54. Kf3 Kd3 55. Nb5 Ne7 56. Nc7 Nc6 57. Nd5 Kd2 58. Kf2 Kd3 59. Kf3
Nd4+ 60. Kg3 Nc6 61. Kf3 Kc4 62. Ne3+ Kd4 63. Nc2+ Kd3 64. Ne1+ Kd2 65. Ng2
Nd4+ 66. Kf2 Kd3 67. Ne1+ Ke4 68. Ng2 Ne6 69. Kg3 Kd3 70. Kf2 Ke4 71. Kg3 Kd3
72. Kf2 Kd2 73. Kf3 Nd4+ 74. Kf2 Nc2 75. Kf3 Kd3 76. Kf2 Ke4 77. Kg3 Ne3 78.
Ne1 Nd5 79. Ng2 Nb4 80. Kf2 1/2-1/2

[Event "Tradewise Gibraltar Masters 16th"]
[Site "Gibraltar"]
[Date "2018.02.01"]
[Round "10.106"]
[White "Avila Fraire, Ameyalli"]
[Black "Guthrie, David"]
[Result "0-1"]
[WhiteElo "2014"]
[BlackElo "2181"]
[PlyCount "110"]
[EventDate "2018.01.23"]
[EventType "swiss"]
[EventRounds "10"]
[EventCountry "GGB"]
[SourceTitle "BritBase"]
[Source "www.saund.co.uk"]
[SourceDate "2018.02.10"]
[SourceVersion "1"]
[SourceVersionDate "2018.02.10"]
[SourceQuality "1"]

1. e4 c5 2. Nf3 d6 3. d4 cxd4 4. Nxd4 Nf6 5. Nc3 a6 6. Bg5 Nbd7 7. Bc4 Qb6 8.
Bb3 e6 9. f4 h6 10. Bxf6 Nxf6 11. Qd3 Qc5 12. O-O-O Be7 13. f5 e5 14. Nf3 Ng4
15. Qd5 Qe3+ 16. Kb1 O-O 17. Rde1 Qa7 18. h3 Nf6 19. Qd2 b5 20. g4 a5 21. h4
Nxg4 22. Rhg1 h5 23. Nd5 a4 24. f6 axb3 25. Nxe7+ Kh7 26. a3 gxf6 27. Nd5 Qf2
28. Nxf6+ Kh8 29. Qxf2 Nxf2 30. Rg5 bxc2+ 31. Kxc2 Bg4 32. Nxg4 Rac8+ 33. Kb3
hxg4 34. Rf1 Nxe4 35. Rxg4 f5 36. Rg6 f4 37. Rfg1 Rf6 38. Rxf6 Nxf6 39. Rd1 e4
40. Rxd6 Ne8 41. Rd4 Nf6 42. Ng5 Re8 43. a4 bxa4+ 44. Kxa4 f3 45. Rd2 Ng4 46.
Nf7+ Kg8 47. Nd6 e3 48. Rd4 Ra8+ 49. Kb3 f2 50. Rxg4+ Kh7 51. Rg7+ Kxg7 52.
Nf5+ Kh8 53. Nxe3 Re8 54. Nf1 Re1 55. Nd2 Rd1 0-1

[Event "Tradewise Gibraltar Masters 16th"]
[Site "Gibraltar"]
[Date "2018.02.01"]
[Round "10.107"]
[White "Weisbuch, Udi"]
[Black "Obiamiwe, Paul"]
[Result "1-0"]
[WhiteElo "2177"]
[BlackElo "1891"]
[PlyCount "91"]
[EventDate "2018.01.23"]
[EventType "swiss"]
[EventRounds "10"]
[EventCountry "GGB"]
[SourceTitle "BritBase"]
[Source "www.saund.co.uk"]
[SourceDate "2018.02.10"]
[SourceVersion "1"]
[SourceVersionDate "2018.02.10"]
[SourceQuality "1"]

1. e4 e5 2. Nf3 Nc6 3. Bc4 Bc5 4. c3 Nf6 5. d3 a6 6. Bb3 d6 7. h3 Ba7 8. Nbd2
O-O 9. Nf1 h6 10. g4 Nh7 11. Ng3 Be6 12. Qe2 d5 13. O-O dxe4 14. dxe4 Bxb3 15.
axb3 Qe7 16. b4 Qe6 17. Kh2 Ne7 18. Nf5 Ng6 19. Rg1 Rfe8 20. g5 h5 21. Bd2 Nf4
22. Bxf4 exf4 23. Rae1 g6 24. N5d4 Qe7 25. h4 Nf8 26. e5 Ne6 27. Qe4 c5 28.
Nxe6 Qxe6 29. bxc5 Bxc5 30. Re2 Qb6 31. Rf1 a5 32. Qxf4 Rad8 33. Kg2 Qc7 34.
Rfe1 Qc6 35. Qe4 Qc8 36. Ng1 Qc7 37. Nh3 Qd7 38. Qf3 Re7 39. Nf4 Qf5 40. e6
fxe6 41. Re5 Rd2 42. Rxf5 Rxf2+ 43. Qxf2 Bxf2 44. Nxg6 Bxe1 45. Nxe7+ Kg7 46.
Rf4 1-0

[Event "Tradewise Gibraltar Masters 16th"]
[Site "Gibraltar"]
[Date "2018.02.01"]
[Round "10.108"]
[White "Suez-Panama, Gilles"]
[Black "Lochte, Thomas"]
[Result "0-1"]
[WhiteElo "1959"]
[BlackElo "2169"]
[PlyCount "110"]
[EventDate "2018.01.23"]
[EventType "swiss"]
[EventRounds "10"]
[EventCountry "GGB"]
[SourceTitle "BritBase"]
[Source "www.saund.co.uk"]
[SourceDate "2018.02.10"]
[SourceVersion "1"]
[SourceVersionDate "2018.02.10"]
[SourceQuality "1"]

1. Nf3 c5 2. b3 d5 3. e3 Nc6 4. Bb2 d4 5. Bb5 Bd7 6. O-O dxe3 7. fxe3 Nf6 8. a4
e6 9. d3 Be7 10. Bxc6 Bxc6 11. Ne5 Qc7 12. Na3 O-O 13. Nac4 Rad8 14. Qe1 Nd7
15. Qg3 f6 16. Nxc6 Qxc6 17. Rf4 Rf7 18. Raf1 e5 19. Bxe5 Nb6 20. Na5 Qe6 21.
R4f3 Rd5 22. Bc3 Bd6 23. Qh3 Qxh3 24. Rxh3 Be5 25. Bd2 Rfd7 26. e4 Bd4+ 27. Kh1
R5d6 28. Rhf3 g5 29. Rf5 h6 30. g3 Kg7 31. Kg2 Kg6 32. h4 Be5 33. hxg5 hxg5 34.
Bxg5 Bc3 35. Rxc5 Bd4 36. Rb5 fxg5 37. Rff5 Bf6 38. g4 Be7 39. Nxb7 Rxb7 40. a5
Rc7 41. axb6 Rxc2+ 42. Rf2 Rxf2+ 43. Kxf2 Rxb6 44. Ra5 Rxb3 45. Ra6+ Kf7 46. d4
Rd3 47. Ra4 Rxd4 48. Rxa7 Rxe4 49. Kf3 Rc4 50. Ra5 Rf4+ 51. Kg3 Ke6 52. Rb5 Rb4
53. Rf5 Bd6+ 54. Kh3 Rb3+ 55. Kg2 Rg3+ 0-1

[Event "Tradewise Gibraltar Masters 16th"]
[Site "Gibraltar"]
[Date "2018.02.01"]
[Round "10.110"]
[White "Janiszewski, Maciej"]
[Black "Makka, Ioulia"]
[Result "1-0"]
[WhiteElo "2029"]
[BlackElo "2167"]
[PlyCount "55"]
[EventDate "2018.01.23"]
[EventType "swiss"]
[EventRounds "10"]
[EventCountry "GGB"]
[SourceTitle "BritBase"]
[Source "www.saund.co.uk"]
[SourceDate "2018.02.10"]
[SourceVersion "1"]
[SourceVersionDate "2018.02.10"]
[SourceQuality "1"]

1. e4 e6 2. Nf3 d5 3. Nc3 d4 4. Ne2 c5 5. c3 dxc3 6. bxc3 Qa5 7. d4 cxd4 8.
Nexd4 Bd7 9. Qb3 Nc6 10. Bd2 Qc7 11. Rb1 b6 12. Bb5 Nge7 13. O-O Na5 14. Qa4
Nec6 15. c4 Nxd4 16. Nxd4 Nb7 17. Bxd7+ Qxd7 18. Nb5 Ke7 19. Rfd1 Qc6 20. Bb4+
Nc5 21. Bxc5+ bxc5 22. Rd6 Qxe4 23. Rd7+ Kxd7 24. Nc3+ Qc6 25. Rb7+ Kd6 26.
Qd1+ Ke5 27. Rxf7 Rb8 28. f4# 1-0

[Event "Tradewise Gibraltar Masters 16th"]
[Site "Gibraltar"]
[Date "2018.02.01"]
[Round "10.111"]
[White "Gagare, Shalmali"]
[Black "Baert, Andy"]
[Result "1-0"]
[WhiteElo "2001"]
[BlackElo "2164"]
[PlyCount "67"]
[EventDate "2018.01.23"]
[EventType "swiss"]
[EventRounds "10"]
[EventCountry "GGB"]
[SourceTitle "BritBase"]
[Source "www.saund.co.uk"]
[SourceDate "2018.02.10"]
[SourceVersion "1"]
[SourceVersionDate "2018.02.10"]
[SourceQuality "1"]

1. c4 e6 2. d4 Nf6 3. Nf3 d5 4. Nc3 Be7 5. Bf4 O-O 6. e3 Nbd7 7. a3 c5 8. cxd5
Nxd5 9. Nxd5 exd5 10. dxc5 Nxc5 11. Be5 Bf6 12. Bxf6 Qxf6 13. Qd4 Qd6 14. Rd1
Be6 15. Bc4 Rfd8 16. O-O Rac8 17. Be2 a6 18. h3 Ne4 19. Ne5 Qc7 20. Nd3 Qa5 21.
Nb4 Nf6 22. f4 Rc5 23. f5 Bc8 24. e4 Qc7 25. e5 a5 26. exf6 axb4 27. Qg4 g6 28.
Qg5 Qb6 29. Kh1 b3 30. fxg6 fxg6 31. f7+ Kg7 32. Qe5+ Kh6 33. Qe3+ Kg7 34.
f8=Q+ 1-0

[Event "Tradewise Gibraltar Masters 16th"]
[Site "Gibraltar"]
[Date "2018.02.01"]
[Round "10.112"]
[White "De Graaf, Dick"]
[Black "Sanjuan Garcia, Miguel"]
[Result "0-1"]
[WhiteElo "2152"]
[BlackElo "2019"]
[PlyCount "60"]
[EventDate "2018.01.23"]
[EventType "swiss"]
[EventRounds "10"]
[EventCountry "GGB"]
[SourceTitle "BritBase"]
[Source "www.saund.co.uk"]
[SourceDate "2018.02.10"]
[SourceVersion "1"]
[SourceVersionDate "2018.02.10"]
[SourceQuality "1"]

1. e4 c5 2. Nf3 e6 3. d4 cxd4 4. Nxd4 Nf6 5. Nc3 d6 6. Bg5 h6 7. Be3 Be7 8. Be2
Nc6 9. O-O O-O 10. f4 Bd7 11. Qd2 Nxd4 12. Bxd4 Bc6 13. Bf3 Nd7 14. f5 Bg5 15.
Qf2 Bh4 16. g3 Bf6 17. fxe6 fxe6 18. Rad1 Qa5 19. a3 Ne5 20. Be2 b5 21. Qe1 Qc7
22. h4 a5 23. b4 axb4 24. axb4 Qb7 25. Be3 Ra3 26. Rxf6 Rxf6 27. Bf4 Qb6+ 28.
Kh2 Rxc3 29. Qxc3 Qf2+ 30. Kh3 Bxe4 0-1

[Event "Tradewise Gibraltar Masters 16th"]
[Site "Gibraltar"]
[Date "2018.02.01"]
[Round "10.113"]
[White "Safarian, Alek"]
[Black "Herzwurm, Robert"]
[Result "1-0"]
[WhiteElo "2006"]
[BlackElo "2123"]
[PlyCount "23"]
[EventDate "2018.01.23"]
[EventType "swiss"]
[EventRounds "10"]
[EventCountry "GGB"]
[SourceTitle "BritBase"]
[Source "www.saund.co.uk"]
[SourceDate "2018.02.10"]
[SourceVersion "1"]
[SourceVersionDate "2018.02.10"]
[SourceQuality "1"]

1. d4 d5 2. c4 Nc6 3. cxd5 Qxd5 4. e3 e5 5. Nc3 Bb4 6. a3 Bxc3+ 7. bxc3 Nf6 8.
c4 Qd6 9. d5 Ne7 10. a4 O-O 11. Ba3 c6 12. Bxd6 1-0

[Event "Tradewise Gibraltar Masters 16th"]
[Site "Gibraltar"]
[Date "2018.02.01"]
[Round "10.114"]
[White "Biegel, Thomas"]
[Black "Veltkamp, Gerben"]
[Result "0-1"]
[WhiteElo "1984"]
[BlackElo "2123"]
[PlyCount "50"]
[EventDate "2018.01.23"]
[EventType "swiss"]
[EventRounds "10"]
[EventCountry "GGB"]
[SourceTitle "BritBase"]
[Source "www.saund.co.uk"]
[SourceDate "2018.02.10"]
[SourceVersion "1"]
[SourceVersionDate "2018.02.10"]
[SourceQuality "1"]

1. Nf3 g6 2. d4 Bg7 3. g3 c5 4. d5 b5 5. a4 b4 6. Bg2 d6 7. c4 bxc3 8. Nxc3 Nf6
9. O-O O-O 10. a5 Na6 11. e4 Rb8 12. Re1 Ng4 13. Bf1 Nc7 14. h3 Ne5 15. Nxe5
Bxe5 16. f4 Bd4+ 17. Kh2 f5 18. exf5 Rxf5 19. Bd3 Rf7 20. Qe2 Rf8 21. Ne4 h6
22. Bc4 Rb4 23. Nc3 g5 24. Ra4 Bxc3 25. bxc3 Rxa4 0-1

[Event "Tradewise Gibraltar Masters 16th"]
[Site "Gibraltar"]
[Date "2018.02.01"]
[Round "10.115"]
[White "Stewart, Ashley"]
[Black "Chibnall, Alana"]
[Result "1/2-1/2"]
[WhiteElo "2120"]
[BlackElo "1906"]
[PlyCount "102"]
[EventDate "2018.01.23"]
[EventType "swiss"]
[EventRounds "10"]
[EventCountry "GGB"]
[SourceTitle "BritBase"]
[Source "www.saund.co.uk"]
[SourceDate "2018.02.10"]
[SourceVersion "1"]
[SourceVersionDate "2018.02.10"]
[SourceQuality "1"]

1. c4 g6 2. Nc3 Bg7 3. g3 e5 4. Bg2 d6 5. d3 f5 6. e3 Nf6 7. Nge2 O-O 8. O-O
Nc6 9. b3 g5 10. f4 exf4 11. exf4 g4 12. d4 Qe8 13. d5 Nd8 14. Nd4 c5 15. dxc6
bxc6 16. Re1 Qd7 17. Ba3 Rb8 18. Qd2 Bb7 19. Rad1 Ne8 20. Nc2 Rf6 21. Re2 Nf7
22. Rde1 Bf8 23. Bb2 Rg6 24. Nd4 Ng7 25. Nd1 h5 26. Re3 c5 27. Nb5 Bxg2 28.
Qxg2 d5 29. Na3 d4 30. R3e2 Ne8 31. Nf2 Nf6 32. Nb1 Re8 33. Nd2 Rxe2 34. Rxe2
Nd6 35. Nd3 Qc7 36. Ne5 Rg7 37. Qa8 Re7 38. b4 Re8 39. Qg2 Nde4 40. Nxe4 fxe4
41. Rxe4 Nxe4 42. Qxe4 Bg7 43. Qd5+ Kh7 44. Qe4+ Kg8 45. Qd5+ Kh7 46. Nd7 Re7
47. Qxh5+ Kg8 48. Qd5+ Kh8 49. Qh5+ Kg8 50. Qd5+ Kh8 51. Qh5+ Kg8 1/2-1/2

[Event "Tradewise Gibraltar Masters 16th"]
[Site "Gibraltar"]
[Date "2018.02.01"]
[Round "10.116"]
[White "Bolt, Graham"]
[Black "Sajjadi, Kimiya"]
[Result "1/2-1/2"]
[WhiteElo "2094"]
[BlackElo "1911"]
[PlyCount "87"]
[EventDate "2018.01.23"]
[EventType "swiss"]
[EventRounds "10"]
[EventCountry "GGB"]
[SourceTitle "BritBase"]
[Source "www.saund.co.uk"]
[SourceDate "2018.02.10"]
[SourceVersion "1"]
[SourceVersionDate "2018.02.10"]
[SourceQuality "1"]

1. Nf3 Nf6 2. g3 g6 3. Bg2 Bg7 4. O-O d5 5. d3 O-O 6. Nbd2 Nbd7 7. c4 c6 8. Rb1
e5 9. b4 Re8 10. e4 dxe4 11. dxe4 c5 12. a3 b6 13. Re1 Bb7 14. Qc2 Rc8 15. Bb2
Qc7 16. h3 Nf8 17. Rbc1 N6d7 18. Nf1 Ne6 19. Ne3 Nd4 20. Qb1 Bh6 21. Rcd1 Bg7
22. Nd5 Qd6 23. b5 Nf8 24. h4 Nfe6 25. Bc1 Nxf3+ 26. Bxf3 Nd4 27. Bg2 Rcd8 28.
Qd3 Bc8 29. f3 h5 30. a4 Bb7 31. Bd2 Kh7 32. Ra1 Bc8 33. a5 Bb7 34. axb6 axb6
35. Ra7 Bxd5 36. exd5 Rd7 37. Rea1 Ree7 38. Rxd7 Rxd7 39. Ra3 Re7 40. Qf1 Qb8
41. Kh2 Ra7 42. Ra6 Rxa6 43. bxa6 Qa7 44. f4 1/2-1/2

[Event "Tradewise Gibraltar Masters 16th"]
[Site "Gibraltar"]
[Date "2018.02.01"]
[Round "10.118"]
[White "Compton, Alistair"]
[Black "Cherigui, Mourad"]
[Result "0-1"]
[WhiteElo "2082"]
[BlackElo "1892"]
[PlyCount "94"]
[EventDate "2018.01.23"]
[EventType "swiss"]
[EventRounds "10"]
[EventCountry "GGB"]
[SourceTitle "BritBase"]
[Source "www.saund.co.uk"]
[SourceDate "2018.02.10"]
[SourceVersion "1"]
[SourceVersionDate "2018.02.10"]
[SourceQuality "1"]

1. e4 d6 2. d4 g6 3. Nc3 Bg7 4. Be3 c6 5. Nf3 a6 6. Be2 b5 7. a3 Nd7 8. O-O
Ngf6 9. h3 Qc7 10. Re1 Bb7 11. Bf4 e5 12. Bh2 O-O 13. Bf1 Rfe8 14. Qd2 Rad8 15.
Rad1 Qb6 16. b4 Bf8 17. d5 c5 18. g4 Rc8 19. g5 Nh5 20. Ne2 cxb4 21. axb4 Qc7
22. Rc1 Nb6 23. h4 Nc4 24. Qc3 Qb6 25. Bh3 Rc7 26. Bg4 Ng7 27. Ng3 Bc8 28. Bxc8
Rexc8 29. Ra1 Qb7 30. Ra2 Nb6 31. Qd2 Na4 32. Re3 Rc4 33. Ne2 Ne8 34. Ne1 R8c7
35. Kg2 Qc8 36. f3 f5 37. gxf6 Bh6 38. f4 Nxf6 39. Qd3 exf4 40. Nxf4 Qg4+ 41.
Rg3 Qxf4 42. Rxg6+ hxg6 43. Bxf4 Bxf4 44. Nf3 Rxe4 45. Ng5 Bxg5 46. hxg5 Rc3
47. Qd2 Nh5 0-1

[Event "Tradewise Gibraltar Masters 16th"]
[Site "Gibraltar"]
[Date "2018.02.01"]
[Round "10.119"]
[White "Vilarnovo Caamano, Jose"]
[Black "Arroyo Rodriguez, Jesus"]
[Result "0-1"]
[WhiteElo "1981"]
[BlackElo "2057"]
[PlyCount "70"]
[EventDate "2018.01.23"]
[EventType "swiss"]
[EventRounds "10"]
[EventCountry "GGB"]
[SourceTitle "BritBase"]
[Source "www.saund.co.uk"]
[SourceDate "2018.02.10"]
[SourceVersion "1"]
[SourceVersionDate "2018.02.10"]
[SourceQuality "1"]

1. e4 c5 2. Nf3 Nf6 3. Nc3 d5 4. e5 Nfd7 5. Nxd5 Nxe5 6. Bb5+ Bd7 7. Nxe5 Bxb5
8. Qf3 f6 9. Nc3 Ba6 10. Qh5+ g6 11. Nxg6 hxg6 12. Qxh8 Qd7 13. d3 Nc6 14. Bh6
Qe6+ 15. Ne4 O-O-O 16. O-O Bxh6 17. Qxh6 b6 18. Rfe1 Qd7 19. Qxg6 Nd4 20. Rab1
Qd5 21. Nc3 Qd6 22. Qg3 e5 23. Qg7 Bb7 24. Ne4 Bxe4 25. dxe4 Qe6 26. Qxa7 Rg8
27. Qa8+ Kc7 28. Qa7+ Kc6 29. Qa3 Qg4 30. Qg3 Qe6 31. Qd3 Qg4 32. g3 Rh8 33. f3
Nxf3+ 34. Kf2 Rxh2+ 35. Ke3 Nd4 0-1

[Event "Tradewise Gibraltar Masters 16th"]
[Site "Gibraltar"]
[Date "2018.02.01"]
[Round "10.120"]
[White "Cramling Bellon, Anna"]
[Black "Bjerre, Tavs"]
[Result "1-0"]
[WhiteElo "1978"]
[BlackElo "2071"]
[PlyCount "111"]
[EventDate "2018.01.23"]
[EventType "swiss"]
[EventRounds "10"]
[EventCountry "GGB"]
[SourceTitle "BritBase"]
[Source "www.saund.co.uk"]
[SourceDate "2018.02.10"]
[SourceVersion "1"]
[SourceVersionDate "2018.02.10"]
[SourceQuality "1"]

1. d4 d5 2. c4 e6 3. Nc3 Nf6 4. cxd5 exd5 5. Bg5 c6 6. e3 Be7 7. Bd3 Nbd7 8.
Qc2 h6 9. Bh4 Nh5 10. Bxe7 Qxe7 11. Nf3 Nb6 12. Ne5 Nf6 13. f4 Ng4 14. Nxg4
Bxg4 15. Qf2 Bd7 16. O-O O-O 17. f5 f6 18. Rae1 Rad8 19. e4 dxe4 20. Nxe4 Bc8
21. Nc5 Qd6 22. Re4 Rfe8 23. Rfe1 Rxe4 24. Rxe4 Qd5 25. Bc2 Kh8 26. Qe2 Bxf5
27. Bb3 Bxe4 28. Bxd5 cxd5 29. Nxb7 Re8 30. Qh5 Re7 31. Nc5 Kh7 32. b3 Nd7 33.
b4 Nb6 34. Kf2 Bg6 35. Qh3 Nc4 36. Ne6 Be4 37. Nf8+ Kg8 38. Ne6 Nd6 39. Nc5 Bf5
40. Qf3 Ne4+ 41. Nxe4 Bxe4 42. Qc3 Kf7 43. a4 Bf5 44. Qc6 Bd7 45. Qxd5+ Be6 46.
Qh5+ Kf8 47. Qc5 Bb3 48. a5 Ke8 49. d5 Rd7 50. d6 Kf7 51. b5 Ba2 52. Qc8 Be6
53. Qc6 Rd8 54. b6 axb6 55. axb6 Rc8 56. Qxc8 1-0